期刊信息 |
| 索取号 |
D9/FL
|
| 题名 |
法律
|
| 作者 |
中国人民大学书报资料中心
|
| 分册号 |
|
| 分册名 |
|
| 出版地 |
北京
|
| 出版者 |
|
| 标准刊号 |
1001-2524
|
| 出版频率 |
月刊
|
| 中图法分类 |
D9
|
| 主题词 |
法律
|
| 电子资源 | |
| |
|
| 000 | 00560nas0 2200193 45 | |
| 001 | 0738801843 | |
| 005 | 2007100310464184 | |
| 011 | @a1001-2524@d¥22.80 | |
| 091 | @aCN111001 | |
| 100 | @a20071003d km y0chiy0120 ea | |
| 101 | 0 | @achi |
| 200 | 1 | @a法律@AFa Lu@f中国人民大学书报资料中心@FZhong Guo Ren Min Da Xue Shu Bao Zi Liao Zhong Xin |
| 210 | @a北京 | |
| 326 | @a月刊 | |
| 606 | 0 | @a法律 |
| 690 | @aD9@v4 | |
| 711 | 02 | @a中国人民大学书报资料中心@AZhong Guo Ren Min Da Xue Shu Bao Zi Liao Zhong Xin |
| 801 | 0 | @aCN@bPFT@c20071003 |
| 905 | @a213230@dD9@eFL | |
| 法律/中国人民大学书报资料中心.-北京 |
| ISSN 1001-2524:¥22.80 |
| ● |
| 相关链接: |
|
|
|
|